• 首页
  • 本馆介绍
  • 公告通知
  • 最新文献
  • 馆藏检索
  • 电子资源
  • 读者导购
  • 参考咨询
  • 我的图书馆
  • 登录
  • 详细信息显示
  • 放入我的书架
  • 预约/预借图书
  • 作者相关作品
  • 分类相关作品
  • 丛书相关作品
  • 出版社相关作品

书目信息

  • 表格格式
  • 工作单格式
  • 卡片格式
题名:
德语会话手册
    
 
作者: 高年生 编
分册:  
出版信息: 北京   外语教学与研究出版社  1998
页数: 187页
开本: 21cm
丛书名:
单 册:
中图分类: H339.9-62
科图分类:
主题词: 德语--口语--手册
电子资源:
ISBN: 7-5600-1468-2
000 00787nam0 2200229 45
001 0199020962
005 20020719164008.0
010    @a7-5600-1468-2@dCNY7.90
100    @a20020703e20021998em y0chiy0121 ea
101 0  @achi@ager
102    @aCN@b110000
105    @ay z 000yy
106    @ar
200 1  @a德语会话手册@Ade yu hui hua shou ce@e修订版@Exiu ding ban@f高年生等编@Fgao nian sheng deng bian
210    @a北京@c外语教学与研究出版社@d1998@h2002重印
215    @a187页@d21cm
330    @a本书共分50个题材,以对话形式选编了日常生活和社交活动中最常用的德语基本句型,并附带介绍了德语、地区的情况和风俗习题。
606 0  @a德语@x口语@j手册
690    @aH339.9-62@v4
701  0 @a高年生@Agao nian sheng@4编
801  0 @aCN@bNLC@c20020719
905    @dH339.9@e123 @f3
    
    德语会话手册:修订版/高年生等编.-北京:外语教学与研究出版社,1998(2002重印)
    187页;21cm
    
    
    ISBN 7-5600-1468-2:CNY7.90
    本书共分50个题材,以对话形式选编了日常生活和社交活动中最常用的德语基本句型,并附带介绍了德语、地区的情况和风俗习题。
●
相关链接 在E读中查询图书 在五车中查询图书 在当当中查询图书 在豆瓣中查询图书


正题名:德语会话手册     索取号:H339.9/123         预约/预借

序号 登录号 条形码 馆藏地/架位号 状态 备注
1 0826963   208269639   第二样本阅览室/ [索取号:H339.9/123] 在馆    
2 0826964   208269648   第四借阅区/ [索取号:H339.9/123] 在馆    
3 0826965   208269657   第四借阅区/ [索取号:H339.9/123] 在馆    
4 0826966   208269666   第四借阅区/ [索取号:H339.9/123] 在馆    
5 0826967   208269675   第四借阅区/ [索取号:H339.9/123] 在馆    
6 0852198   208521982   第四借阅区/ [索取号:H339.9/123] 在馆    
7 0852199   208521991   第四借阅区/ [索取号:H339.9/123] 在馆    
8 0852200   208522008   第四借阅区/ [索取号:H339.9/123] 在馆    
唐山师范学院图书馆 欢迎您!
大连网信软件有限公司© 版权所有